| 000 | 00390 a2200145 4500 | ||
|---|---|---|---|
| 005 | 20250610161317.0 | ||
| 020 | _a0-07-084559-X | ||
| 082 | _a658.83 CHI | ||
| 100 | _aCHISNALL, P. M. | ||
| 245 | _aMarketing Research: Analysis and Measurement. | ||
| 250 | _a2nd Ed. | ||
| 260 |
_aNew York, _bMc Graw Hill, _c1973. |
||
| 300 |
_ax, 379p.; ill.; figure, table _bIndex _c23cm. |
||
| 942 |
_2ddc _cBKS |
||
| 999 |
_c3652 _d3652 |
||